000 00484nam a22001817a 4500
003 NUST - PNEC
005 20170116181124.0
008 150905b xxu||||| |||| 00| 0 eng d
020 _a0675210623
040 _cLIBRARY
082 _a621.3192 FLO
100 _98188
_aFloyd, Thomas L.
245 _aPrinciples of electric circuits : Electron flow version
_cThomas L. Floyd
250 _a3rd ed.
260 _cc.1989
650 _98189
_aElectric Circuits
_xEE
942 _2ddc
_cBK
999 _c69668
_d69668